Mort subite - Pays fondateurs de l'Union Européenne - Statistiques

Statistiques générales
  • Ce quiz a été pris 293 fois
  • Le résultat moyen est 3 sur 6
Answers on the Grid
Answers color-coded by a green-red scale on the quiz's grid according to % correct below.
France
Royaume-Uni
République Démocratique d'Allemagne
Italie
Espagne
Portugal
Pologne
Belgique
Danemark
Suède
Finlande
Suisse
République Fédérale d'Allemagne
Autriche
Hongrie
Roumanie
Bulgarie
Pays-bas
Irlande
Malte
Chypre
Luxembourg
Grèce
 
Statistiques - réponses
Réponse % Correct
France
98%
Italie
48%
Belgique
47%
Pays-bas
43%
Luxembourg
40%
République Fédérale d'Allemagne
37%
Aucun quiz correspondant
Distribution des résultats
% des personnes avec chaque résultat
Percentile par nombre de réponses
Votre historique - résultats
Vous n’avez pas pris ce quiz